| 000 | 00652cab a2200229 4500 | ||
|---|---|---|---|
| 001 | WB2827-02 | ||
| 008 | 090401t1992 xxu||||| |||| 00| 0 eng d | ||
| 035 | _a(Sirsi) u55311 | ||
| 041 | _aeng | ||
| 245 | _aHanson sells building firms | ||
| 260 | _c1992 | ||
| 350 | _a0 | ||
| 490 |
_aTimes _v7 July 1992, 23(1) |
||
| 520 | _aHanson`s UK building businesses have been sold to a management buyout for £53m. The businesses will be called the Keir Group. | ||
| 650 | _aCONSTRUCTION COMPANIES | ||
| 650 | _aHANSON | ||
| 650 | _aKEIR GROUP | ||
| 650 | _aMANAGEMENT BUYOUTS | ||
| 690 | _aBUILT ENVIRONMENT | ||
| 942 | _n0 | ||
| 948 | _c04/03/1997 | ||
| 999 |
_c33781 _d33781 |
||